[Event "Stay Safe Play From Home 204"]
[Site "T#646591Emanuel Laske"]
[Date "2020.06.05"]
[Round "4"]
[White "Haris kollari 13"]
[Black "Kongle"]
[Result "0-1"]
[WhiteElo "2010"]
[BlackElo "1829"]
[Annotator "NA RC"]
[PlyCount "96"]
[EventDate "2020.06.05"]
[EventType "swiss (blitz)"]

1. e4 {[%emt 0:00:01]} c5 {[%emt 0:00:05]} 2. Nf3 {[%emt 0:00:01]} d6 {[%emt 0:00:01]} 3. d4 {[%emt 0:00:01]} cxd4 {[%emt 0:00:01]} 4. Nxd4 {[%emt 0:00:00]} Nf6 {[%emt 0:00:01]} 5. Nc3 {[%emt 0:00:01]} g6 {[%emt 0:00:01]} 6. f4 {[%emt 0:00:01]} Bg7 {[%emt 0:00:00]} 7. Be2 {[%emt 0:00:01]} Nc6 {[%emt 0:00:02]} 8. Be3 {[%emt 0:00:01]} Ng4 {[%emt 0:00:14]} 9. Nxc6 {[%emt 0:00:05]} Nxe3 {[%emt 0:00:02]} 10. Nxd8 {[%emt 0:00:07]} Nxd1 {[%emt 0:00:01]} 11. Nxd1 {[%emt 0:00:10]} Kxd8 {[%emt 0:00:03]} 12. Bd3 {[%emt 0:00:03]} Bd7 {[%emt 0:00:10]} 13. c3 {[%emt 0:00:03]} Rc8 {[%emt 0:00:05]} 14. h3 {[%emt 0:00:01]} h5 {[%emt 0:00:02]} 15. Ne3 {[%emt 0:00:01]} h4 {[%emt 0:00:15]} 16. Kd2 {[%emt 0:00:03]} Bh6 {[%emt 0:00:03]} 17. Rhf1 {[%emt 0:00:05]} Rf8 {[%emt 0:00:13]} 18. Ke2 {[%emt 0:00:02]} f5 {[%emt 0:00:04]} 19. exf5 {[%emt 0:00:05]} gxf5 {[%emt 0:00:02]} 20. Rad1 {[%emt 0:00:06]} Ba4 {[%emt 0:00:06]} 21. b3 {[%emt 0:00:02]} Bd7 {[%emt 0:00:03]} 22. c4 {[%emt 0:00:04]} Rc5 {[%emt 0:00:12]} 23. b4 {[%emt 0:00:06]} Rc8 {[%emt 0:00:02]} 24. Rd2 {[%emt 0:00:03]} e6 {[%emt 0:00:01]} 25. Bc2 {[%emt 0:00:06]} Rg8 {[%emt 0:00:04]} 26. Rxd6 {[%emt 0:00:06]} Ke7 {[%emt 0:00:02]} 27. Rfd1 {[%emt 0:00:01]} Bc6 {[%emt 0:00:09]} 28. b5 {[%emt 0:00:06]} Bxg2 {[%emt 0:00:03]} 29. Rd7+ {[%emt 0:00:01]} Kf6 {[%emt 0:00:05]} 30. Rxb7 {[%emt 0:00:06]} Bxb7 {[%emt 0:00:02]} 31. Rd7 {[%emt 0:00:03]} Rg7 {[%emt 0:00:08]} 32. Rd6 {[%emt 0:00:05]} Bxf4 {[%emt 0:00:10]} 33. Rd4 {[%emt 0:00:03]} Bxe3 {[%emt 0:00:02]} 34. Kxe3 {[%emt 0:00:01]} Rg3+ {[%emt 0:00:03]} 35. Kd2 {[%emt 0:00:03]} Rxh3 {[%emt 0:00:01]} 36. Bb3 {[%emt 0:00:01]} Rg8 {[%emt 0:00:03]} 37. Kc2 {[%emt 0:00:05]} Rg2+ {[%emt 0:00:02]} 38. Rd2 {[%emt 0:00:03]} Rxd2+ {[%emt 0:00:01]} 39. Kxd2 {[%emt 0:00:00]} f4 {[%emt 0:00:04]} 40. c5 {[%emt 0:00:01]} Re3 {[%emt 0:00:10]} 41. c6 {[%emt 0:00:01]} Bc8 {[%emt 0:00:02]} 42. Bc4 {[%emt 0:00:03]} h3 {[%emt 0:00:01]} 43. a4 {[%emt 0:00:02]} h2 {[%emt 0:00:02]} 44. a5 {[%emt 0:00:01]} h1=Q {[%emt 0:00:02]} 45. b6 {[%emt 0:00:00]} Qe1+ {[%emt 0:00:03]} 46. Kc2 {[%emt 0:00:02]} Rc3+ {[%emt 0:00:02]} 47. Kb2 {[%emt 0:00:01]} Qc1+ {[%emt 0:00:02]} 48. Ka2 {[%emt 0:00:01]} Ra3# {[%emt 0:00:02] (Lag: Av=0.57s, max=0.9s)} 0-1

[Event "Stay Safe Play From Home 204"]
[Site "T#646591Emanuel Laske"]
[Date "2020.06.05"]
[Round "4"]
[White "Chase the sun"]
[Black "Edmatuag"]
[Result "1-0"]
[WhiteElo "1890"]
[BlackElo "1759"]
[Annotator "NA RC"]
[PlyCount "57"]
[EventDate "2020.06.05"]
[EventType "swiss (blitz)"]

1. e4 {[%emt 0:00:02]} e5 {[%emt 0:00:03]} 2. Nc3 {[%emt 0:00:01]} Nc6 {[%emt 0:00:04]} 3. Bc4 {[%emt 0:00:01]} Bc5 {[%emt 0:00:10]} 4. Qg4 {[%emt 0:00:02]} Qf6 {[%emt 0:00:13]} 5. Nd5 {[%emt 0:00:02]} Qxf2+ {[%emt 0:00:58]} 6. Kd1 {[%emt 0:00:02]} Kf8 {[%emt 0:00:14]} 7. Nh3 {[%emt 0:00:03]} Qd4 {[%emt 0:00:11]} 8. d3 {[%emt 0:00:02]} d6 {[%emt 0:00:06]} 9. Qf3 {[%emt 0:00:01]} Bxh3 {[%emt 0:00:05]} 10. Rf1 {[%emt 0:00:21]} Be6 {[%emt 0:00:27]} 11. c3 {[%emt 0:00:03]} Nf6 {[%emt 0:00:46]} 12. cxd4 {[%emt 0:00:22]} Bg4 {[%emt 0:00:03]} 13. dxc5 {[%emt 0:00:10]} Bxf3+ {[%emt 0:00:01]} 14. gxf3 {[%emt 0:00:00]} Nd4 {[%emt 0:00:01]} 15. Nxf6 {[%emt 0:00:08]} gxf6 {[%emt 0:00:01]} 16. Be3 {[%emt 0:00:01]} dxc5 {[%emt 0:00:01]} 17. Bxd4 {[%emt 0:00:03]} exd4 {[%emt 0:00:02]} 18. Rg1 {[%emt 0:00:01]} Ke7 {[%emt 0:00:01]} 19. Ke2 {[%emt 0:00:25]} c6 {[%emt 0:00:02]} 20. a4 {[%emt 0:00:06]} b6 {[%emt 0:00:03]} 21. Rg3 {[%emt 0:00:08]} a6 {[%emt 0:00:01]} 22. Rag1 {[%emt 0:00:01]} b5 {[%emt 0:00:01]} 23. Bb3 {[%emt 0:00:01]} Rab8 {[%emt 0:00:04]} 24. Rg7 {[%emt 0:00:09]} c4 {[%emt 0:00:05]} 25. dxc4 {[%emt 0:00:03]} bxc4 {[%emt 0:00:01]} 26. Bxc4 {[%emt 0:00:00]} Rxb2+ {[%emt 0:00:01]} 27. Kd3 {[%emt 0:00:01]} Rf8 {[%emt 0:00:02]} 28. Rxh7 {[%emt 0:00:04]} Ra2 {[%emt 0:00:03]} 29. Bxa2 {[%emt 0:00:04] Edmatuag resigns (Lag: Av=0.42s, max=0.5s)} 1-0

[Event "Stay Safe Play From Home 204"]
[Site "T#646591Emanuel Laske"]
[Date "2020.06.05"]
[Round "4"]
[White "All4tactics"]
[Black "Chesstiger9"]
[Result "0-1"]
[WhiteElo "1776"]
[BlackElo "2079"]
[Annotator "TA"]
[PlyCount "152"]
[EventDate "2020.06.05"]
[EventType "swiss (blitz)"]

{[%evp 13,152,12,27,21,20,26,76,56,88,99,129,137,192,119,170,142,396,156,144,137,118,103,313,306,274,91,63,44,51,54,112,121,115,13,11,17,14,25,20,20,32,27,49,33,97,37,57,37,102,91,112,77,125,85,93,0,44,0,72,63,120,110,150,25,24,-75,-69,-70,-47,-50,35,-98,-72,-247,-281,-383,-373,-361,-355,-373,-363,-621,-593,-709,-658,-1214,-534,-908,-915,-12843,-1116,-12844,-258,-12848,-12848,-12849,-12849,-12851,-27998,-27996,-27998,-27990,-27997,-27999,-27999,-27996,-27994,-27995,-27995,-27999,0,0,0,0,0,0,0,0,0,0,0,0,0,0,0,0,0,0,0,0,0,0,0,0,0,0,0,0,0,-27985,-27985]} 1. e4 c5 2. d4 cxd4 3. c3 g6 4. cxd4 Bg7 5. Nf3 d5 6. exd5 Nf6 7. Bb5+ Bd7 8. Bc4 {B27: Sicilian: 2 Nf3, unusual Black 2nd moves.} O-O 9. Nc3 a6 {[#]} 10. a4 $146 {White is better.} ({Predecessor:} 10. a3 b5 11. Bb3 Bc8 12. Bg5 Bb7 13. O-O Nbd7 14. Ne5 Nb6 15. Bxf6 Bxf6 16. Qf3 Bg7 {½-½ (43) Nielsen,L (2230)-Karlsson,U (2022) Ballerup 2015}) 10... Qc7 11. Bb3 Bc8 12. O-O Nbd7 (12... Bg4 $16 13. a5 Ne8) 13. a5 (13. Qe2 $18) 13... b6 (13... b5 $16) 14. Re1 Re8 $2 {[%mdl 8192] [#]} (14... Bb7 $16 15. Rxe7 b5) 15. axb6 $2 (15. d6 $1 $18 {[%mdl 512]} Qxd6 16. Ng5) 15... Nxb6 $16 16. Bg5 Bb7 {[%cal Rf6d5]} 17. Rc1 Qd7 $2 (17... Qd6 $16 {keeps fighting.}) 18. Ne5 $18 Qf5 19. Bxf6 $2 (19. h4 $18 {is more deadly.}) 19... exf6 $16 20. Nc6 {And now Ne7+ would win.} Qd7 21. Qf3 {Strongly threatening Ne4.} f5 {[#]} (21... Rac8 $14) 22. Ne5 $1 {[%cal Re5d7]} Qd6 {[%cal Rg7e5]} 23. g4 (23. Ne4 $1 $16 {[%cal Re4d6]} Qb4 24. Qc3 Qxc3 25. Nxc3) 23... Bxe5 $11 24. dxe5 Rxe5 25. Rxe5 Qxe5 26. gxf5 gxf5 27. Qg3+ Qxg3+ 28. fxg3 Rd8 {[#]} (28... Kg7 $14) 29. Rd1 ({White should play} 29. Rf1 $1 $16) 29... Rd6 30. Kf2 Kf8 (30... Rh6 $1 $14) 31. Ke3 $16 Ke7 32. Kf4 Rh6 33. h4 ({Much weaker is} 33. Kxf5 $6 Rxh2 34. Rb1 Rg2 $11) 33... Bc8 34. Ke5 (34. Re1+ $16 Kd8 35. Nd1) 34... Rd6 35. Ne2 f6+ (35... Nd7+ $11 {keeps the balance.} 36. Kf4 Rb6) 36. Kf4 Bb7 (36... Bd7 $14) 37. Nc3 ({Much worse is} 37. Kxf5 $6 Nxd5 38. Bxd5 Rxd5+ 39. Rxd5 Bxd5 $11) 37... Nd7 38. Re1+ ({Don't play} 38. Kxf5 Rb6 $16) (38. Bc2 $16) 38... Ne5 $1 $11 39. Rxe5+ (39. Bc2 $11 {remains equal.}) 39... fxe5+ $17 40. Kxe5 $11 {[%mdl 4096] Endgame KRB-KBN} Rg6 41. Ne2 f4 (41... Rg4 $15 42. Bc2 Bc8) 42. Kxf4 (42. gxf4 $14 {stays ahead.} Bc8 43. f5) 42... Kd6 43. Ke4 $2 (43. Bc2 $17 {might work better.} Rf6+ 44. Bf5) 43... Rg4+ $19 44. Nf4 Rxg3 45. Bc4 a5 46. b3 Bc8 47. Nd3 $2 (47. h5) 47... Rg4+ 48. Ke3 Rxh4 49. Nb2 Bd7 (49... Bb7 $142 50. Be2 Bxd5) 50. Bd3 Kxd5 51. Nc4 Kc5 (51... Rh3+ $142 52. Kf4 Rxd3 53. Nxa5 h6) 52. Nxa5 Kb4 $2 (52... Bb5 {White must now prevent ...Rh3+.} 53. Be4 Kb4 54. Nc6+ Bxc6 55. Bxc6 Kxb3) 53. Nc4 $2 (53. Nb7) 53... Bb5 54. Ne5 Bxd3 55. Kxd3 Kxb3 {KR-KN} 56. Ke3 Kc3 57. Kf3 Rh6 58. Ng4 Ra6 59. Kf4 Kd4 60. Kg5 Ke4 61. Nf6+ Ke5 62. Nxh7 Ra7 $2 {[%mdl 8192]} (62... Ra5 $11) 63. Kg6 $2 {[%mdl 8192]} (63. Nf8 $11) 63... Ra6+ 64. Kg5 Ra8 $2 {[%mdl 8192]} (64... Ra5 $11) 65. Kg6 $2 {[%mdl 8192]} (65. Kh5 $11) 65... Rg8+ $2 {[%mdl 8192]} (65... Ra6+ $11 66. Kg5) 66. Kf7 Rg1 $2 {[%mdl 8192]} (66... Rg3 $11) 67. Nf8 $2 {[%mdl 8192]} (67. Ke8 $11) 67... Ra1 $2 {[%mdl 8192]} (67... Rf1+ $11 68. Ke7 Kd5) 68. Ng6+ $2 {[%mdl 8192]} (68. Ke7 $11) 68... Kf5 $2 {[%mdl 8192]} (68... Kd4 $11) 69. Ne7+ Kg5 $2 {[%mdl 8192]} (69... Ke4 $11) 70. Ke6 $2 {[%mdl 8192]} (70. Kg7 $11) 70... Re1+ 71. Kd6 Kf6 $2 {[%mdl 8192]} (71... Rd1+ $11 72. Kc5 Re1) 72. Nd5+ $2 {[%mdl 8192]} (72. Ng8+ $11 Kg7 73. Ne7) 72... Kf5 $2 {[%mdl 8192]} (72... Kg5 $11) 73. Ne7+ Kf6 $2 {[%mdl 8192]} (73... Ke4 $11) 74. Nd5+ $2 {[%mdl 8192]} (74. Ng8+ $11 Kf7 75. Nh6+ Kg6 76. Ng8) 74... Kf7 $2 {[%mdl 8192]} (74... Kg5 $11) 75. Nc7 $2 {[%mdl 8192]} (75. Kd7 $11) 75... Rc1 $2 {[%mdl 8192]} (75... Rd1+ $11 76. Nd5 Ra1) 76. Ke5 $2 {[%mdl 8192]} (76. Nd5 $11) 76... Rxc7 {What a fight! Accuracy: White = 36%, Black = 59%.} 0-1

[Event "Stay Safe Play From Home 204"]
[Site "T#646591Emanuel Laske"]
[Date "2020.06.05"]
[Round "4"]
[White "Tunca"]
[Black "Bellbox"]
[Result "0-1"]
[WhiteElo "1746"]
[BlackElo "1919"]
[Annotator "TA"]
[PlyCount "42"]
[EventDate "2020.06.05"]
[EventType "swiss (blitz)"]

{[%evp 9,42,-30,-23,-37,-32,-39,-27,-88,220,8,24,29,32,20,33,-23,79,65,56,55,81,6,116,0,7,-135,-83,-104,7,7,54,0,0,-1305,-1325]} 1. e4 e5 2. f4 Nf6 3. Nf3 d5 4. exd5 e4 5. Ne5 Bc5 6. Bb5+ {C30: King's Gambit Declined.} c6 7. dxc6 O-O {[#]} 8. d4 $146 (8. cxb7 $11 {remains equal.} Bxb7 9. Qe2) ({Predecessor:} 8. Nc3 Nxc6 9. Nxc6 bxc6 10. Bxc6 Bg4 11. Ne2 Rc8 12. Ba4 Qd6 13. h3 Bxe2 14. Qxe2 {0-1 (34) Camp,S (1676)-Timmins,C (1844) Cardiff 2018}) 8... Bxd4 $2 {[%mdl 8192] [#]} (8... exd3 $1 $17 {keeps the pressure on.} 9. Qxd3 Nxc6 10. Bxc6 bxc6) 9. c3 $2 ({White must play} 9. c7 $1 $18 {[%cal Rc7d8][%mdl 512]} Qd6 (9... Qxc7 10. Qxd4) 10. cxb8=B (10. cxb8=R Rxb8 11. c3 Bxe5 $18) (10. cxb8=N Rd8 $18) (10. cxb8=Q Rxb8 11. c3 Bxe5 $18) 10... Rxb8 11. c3 Bxe5 12. fxe5 Qxe5 13. Be2) 9... Bf2+ {[%mdl 64] Decoy} 10. Kxf2 Qb6+ 11. Be3 Qxb5 12. Qe2 ({White should play} 12. Qb3 $14 Qa6 13. Qa3) 12... Qa5 (12... Qxe2+ $11 13. Kxe2 Nxc6) 13. b4 Qc7 14. cxb7 $1 Bxb7 {[#]} 15. Rd1 (15. c4 $1 $16) 15... Nbd7 (15... Nd5 $11) 16. Bd4 (16. Nxd7 $16 Nxd7 17. c4) 16... e3+ 17. Kxe3 (17. Kg1 $11) 17... Rfe8 ({Black should try} 17... Nxe5 18. fxe5 Ne4) 18. Kf2 $17 {[#]} Nxe5 (18... Nd5 $1 $17 {Strongly threatening ...f6.} 19. Qc4 Qd6) 19. fxe5 $11 Qc6 20. Qf3 (20. Kg1 $14) 20... Qd7 21. Qg3 $2 {[%mdl 8192]} (21. Qh3 $11 Ne4+ 22. Kg1 Qxh3 23. gxh3) 21... Ne4+ {[%mdl 64] Double Attack. Accuracy: White = 27%, Black = 36%.} 0-1

[Event "Stay Safe Play From Home 204"]
[Site "T#646591Emanuel Laske"]
[Date "2020.06.05"]
[Round "4"]
[White "Tobo Rubirosa"]
[Black "Justwatch"]
[Result "1-0"]
[WhiteElo "1664"]
[BlackElo "1241"]
[Annotator "NA RC"]
[PlyCount "37"]
[EventDate "2020.06.05"]
[EventType "swiss (blitz)"]

1. Nf3 {[%emt 0:00:03]} Nf6 {[%emt 0:00:00]} 2. d4 {[%emt 0:00:02]} g6 {[%emt 0:00:05]} 3. c4 {[%emt 0:00:02]} Bg7 {[%emt 0:00:00]} 4. Nc3 {[%emt 0:00:01]} O-O {[%emt 0:00:00]} 5. e4 {[%emt 0:00:01]} d6 {[%emt 0:00:00]} 6. Be2 {[%emt 0:00:02]} Bg4 {[%emt 0:00:00]} 7. O-O {[%emt 0:00:03]} Bxf3 {[%emt 0:00:02]} 8. Bxf3 {[%emt 0:00:02]} Nc6 {[%emt 0:00:01]} 9. Be3 {[%emt 0:00:04]} Nd7 {[%emt 0:00:00]} 10. d5 {[%emt 0:00:02]} Nce5 {[%emt 0:00:02]} 11. Be2 {[%emt 0:00:01]} Nb6 {[%emt 0:00:03]} 12. Bxb6 {[%emt 0:00:13]} axb6 {[%emt 0:00:01]} 13. f4 {[%emt 0:00:01]} Nd7 {[%emt 0:00:01]} 14. Bf3 {[%emt 0:00:02]} Nc5 {[%emt 0:00:01]} 15. b4 {[%emt 0:00:05]} Nd7 {[%emt 0:00:01]} 16. Rc1 {[%emt 0:00:03]} Bxc3 {[%emt 0:00:05]} 17. Rxc3 {[%emt 0:00:03]} Rxa2 {[%emt 0:00:01]} 18. Rc2 {[%emt 0:00:03]} Nf6 {[%emt 0:00:02]} 19. Rxa2 {[%emt 0:00:03] Justwatch terk eder (Lag: Av=0.54s, max=0.7s)} 1-0

[Event "Stay Safe Play From Home 204"]
[Site "T#646591Emanuel Laske"]
[Date "2020.06.05"]
[Round "5"]
[White "Chesstiger9"]
[Black "Haris kollari 13"]
[Result "0-1"]
[WhiteElo "2084"]
[BlackElo "1985"]
[Annotator "NA RC"]
[PlyCount "32"]
[EventDate "2020.06.05"]
[EventType "swiss (blitz)"]

1. d4 {[%emt 0:00:02]} d5 {[%emt 0:00:01]} 2. Nf3 {[%emt 0:00:01]} c5 {[%emt 0:00:02]} 3. c3 {[%emt 0:00:03]} Nc6 {[%emt 0:00:01]} 4. e3 {[%emt 0:00:02]} Bg4 {[%emt 0:00:01]} 5. Nbd2 {[%emt 0:00:02]} e6 {[%emt 0:00:01]} 6. h3 {[%emt 0:00:01]} Bh5 {[%emt 0:00:02]} 7. Be2 {[%emt 0:00:01]} f5 {[%emt 0:00:01]} 8. O-O {[%emt 0:00:01]} Nf6 {[%emt 0:00:04]} 9. Ne5 {[%emt 0:00:01]} Bxe2 {[%emt 0:00:05]} 10. Qxe2 {[%emt 0:00:00]} Bd6 {[%emt 0:00:05]} 11. f4 {[%emt 0:00:02]} g6 {[%emt 0:00:03]} 12. Qb5 {[%emt 0:00:07]} Qc7 {[%emt 0:00:12]} 13. Nb3 {[%emt 0:00:16]} c4 {[%emt 0:00:12]} 14. Nc5 {[%emt 0:00:01]} Bxc5 {[%emt 0:00:04]} 15. Qxc5 {[%emt 0:00:01]} Ne4 {[%emt 0:00:04]} 16. Rd1 {[%emt 0:00:28]} Nxc5 {[%emt 0:00:02] Chesstiger9 resigns (Lag: Av=0.34s, max=0.4s)} 0-1

[Event "Stay Safe Play From Home 204"]
[Site "T#646591Emanuel Laske"]
[Date "2020.06.05"]
[Round "5"]
[White "Kongle"]
[Black "Chase the sun"]
[Result "0-1"]
[WhiteElo "1855"]
[BlackElo "1901"]
[Annotator "TA"]
[PlyCount "52"]
[EventDate "2020.06.05"]
[EventType "swiss (blitz)"]

{[%evp 15,51,11,29,21,49,44,39,-30,-6,-47,-40,-124,-13,-284,-266,-264,-250,-335,-236,-307,-308,-347,-153,-170,-177,-493,-498,-497,-449,-1327,-1173,-29986,-29987,-29987,-29988,-29993,-29994,-29999]} 1. d4 e6 2. c4 f5 3. Nf3 Nf6 4. Nc3 Bb4 5. g3 Bxc3+ 6. bxc3 d6 7. Bg2 O-O 8. O-O Qe8 {[#] is the legacy move (8...Nc6).} 9. Re1 $146 {A85: Dutch Defence: 2 c4 Nf6 3 Nc3.} ({Predecessor:} 9. Nd2 e5 10. c5 dxc5 11. Qb3+ Kh8 12. Bxb7 Bxb7 13. Qxb7 Nc6 14. dxe5 Rb8 15. Qa6 Rb6 16. Qa3 Nxe5 17. Qxc5 {0-1 (39) Kolesnikov,E (2381)-Tseshkovsky,V (2572) Sochi 2006}) 9... e5 10. dxe5 dxe5 11. Qb3 (11. e4 $14 Nxe4 12. Ba3) 11... c5 12. Ba3 (12. e4 $5) 12... b6 13. Rad1 (13. Nxe5 $1 $15 Ne4 14. Nd3) 13... Nc6 (13... e4 $17 {...Bd7 is the strong threat.} 14. Nd4 cxd4 15. Bxf8 Kxf8 16. cxd4 Nc6) 14. Rd6 $2 {[%mdl 8192]} (14. Nxe5 $1 $11 {and White is okay.} Bb7 15. Bxc6 Bxc6 16. Nxc6 Qxc6 17. Bc1) 14... Na5 15. Qb5 Bd7 16. Qa6 Ne4 17. Rxd7 Qxd7 18. Nxe5 {[#]} Qe6 (18... Qd2 $1 $19 {is more deadly.} 19. Nf3 Qxa2) 19. f4 $17 Nc6 $36 {[%mdl 2048] Black is in control.} 20. Rd1 $2 (20. Bxe4 fxe4 21. Bxc5 Nxe5 22. fxe5) 20... Nxe5 21. fxe5 Qxe5 {White must now prevent ...f4.} 22. Rd7 (22. Bc1 $142) 22... Qxc3 $19 {( -> ...Qe1+)} 23. Bxe4 Qe1+ {[%mdl 64] [#] Double Attack, Zwischenzug. Black mates.} 24. Kg2 Qxe2+ 25. Kg1 fxe4 {[%csl Ge2][%cal Rf8f1]} 26. Bxc5 Rf1# {White got outplayed after the opening. Accuracy: White = 21%, Black = 52%.} 0-1

[Event "Stay Safe Play From Home 204"]
[Site "T#646591Emanuel Laske"]
[Date "2020.06.05"]
[Round "5"]
[White "Leauacristi"]
[Black "Justwatch"]
[Result "1-0"]
[WhiteElo "1830"]
[BlackElo "1239"]
[Annotator "NA RC"]
[PlyCount "77"]
[EventDate "2020.06.05"]
[EventType "swiss (blitz)"]

1. e4 {[%emt 0:00:03]} Nf6 {[%emt 0:00:00]} 2. e5 {[%emt 0:00:01]} Nd5 {[%emt 0:00:00]} 3. Bc4 {[%emt 0:00:02]} Nb4 {[%emt 0:00:00]} 4. c3 {[%emt 0:00:03]} N4c6 {[%emt 0:00:01]} 5. d4 {[%emt 0:00:02]} e6 {[%emt 0:00:01]} 6. Nf3 {[%emt 0:00:01]} d6 {[%emt 0:00:02]} 7. exd6 {[%emt 0:00:01]} cxd6 {[%emt 0:00:01]} 8. O-O {[%emt 0:00:01]} g6 {[%emt 0:00:01]} 9. Bg5 {[%emt 0:00:02]} Be7 {[%emt 0:00:01]} 10. Bxe7 {[%emt 0:00:02]} Qxe7 {[%emt 0:00:00]} 11. Re1 {[%emt 0:00:01]} O-O {[%emt 0:00:01]} 12. d5 {[%emt 0:00:01]} Ne5 {[%emt 0:00:02]} 13. Nxe5 {[%emt 0:00:06]} dxe5 {[%emt 0:00:00]} 14. Rxe5 {[%emt 0:00:01]} Qf6 {[%emt 0:00:01]} 15. Re3 {[%emt 0:00:06]} e5 {[%emt 0:00:01]} 16. Rf3 {[%emt 0:00:03]} Qg7 {[%emt 0:00:02]} 17. Qb3 {[%emt 0:00:02]} Nd7 {[%emt 0:00:02]} 18. Nd2 {[%emt 0:00:05]} Nb6 {[%emt 0:00:01]} 19. d6 {[%emt 0:00:03]} Nxc4 {[%emt 0:00:04]} 20. Qxc4 {[%emt 0:00:03]} Be6 {[%emt 0:00:01]} 21. Qe4 {[%emt 0:00:02]} f5 {[%emt 0:00:02]} 22. Qb4 {[%emt 0:00:05]} b6 {[%emt 0:00:02]} 23. Re1 {[%emt 0:00:03]} e4 {[%emt 0:00:02]} 24. Rfe3 {[%emt 0:00:02]} Rfd8 {[%emt 0:00:04]} 25. f3 {[%emt 0:00:03]} exf3 {[%emt 0:00:02]} 26. Rxe6 {[%emt 0:00:02]} fxg2 {[%emt 0:00:01]} 27. Kxg2 {[%emt 0:00:02]} Qb7+ {[%emt 0:00:02]} 28. Nf3 {[%emt 0:00:02]} Qd5 {[%emt 0:00:01]} 29. h4 {[%emt 0:00:15]} Rac8 {[%emt 0:00:03]} 30. Kg3 {[%emt 0:00:02]} Rc4 {[%emt 0:00:01]} 31. Re8+ {[%emt 0:00:05]} Rxe8 {[%emt 0:00:01]} 32. Rxe8+ {[%emt 0:00:02]} Kf7 {[%emt 0:00:01]} 33. Re7+ {[%emt 0:00:02]} Kf6 {[%emt 0:00:03]} 34. Qa3 {[%emt 0:00:05]} Rg4+ {[%emt 0:00:02]} 35. Kf2 {[%emt 0:00:02]} Rf4 {[%emt 0:00:05]} 36. c4 {[%emt 0:00:01]} Qc5+ {[%emt 0:00:02]} 37. Qxc5 {[%emt 0:00:05]} bxc5 {[%emt 0:00:00]} 38. Rxh7 {[%emt 0:00:04]} Ke6 {[%emt 0:00:03]} 39. d7 {[%emt 0:00:02] Justwatch terk eder (Lag: Av=0.50s, max=0.9s)} 1-0

[Event "Stay Safe Play From Home 204"]
[Site "T#646591Emanuel Laske"]
[Date "2020.06.05"]
[Round "5"]
[White "All4tactics"]
[Black "Bellbox"]
[Result "0-1"]
[WhiteElo "1771"]
[BlackElo "1929"]
[Annotator "TA"]
[PlyCount "64"]
[EventDate "2020.06.05"]
[EventType "swiss (blitz)"]

{[%evp 9,64,-53,-40,-77,-80,-73,-39,-87,-27,-119,-122,-147,-121,-148,-86,-170,-154,-181,-170,-312,-299,-284,-264,-276,-214,-252,-239,-322,-333,-369,-372,-352,-335,-299,-79,-351,-342,-369,-353,-355,-341,-437,-429,-414,-417,-952,-927,-918,-900,-880,-796,-1714,-1558,-2112,-1936,-6331,-5401]} 1. e4 e5 2. Nf3 Nf6 3. Nxe5 d6 4. Nxf7 Kxf7 5. d4 Be7 6. Bc4+ {C42: Petroff Defence: 3 Nxe5 and unusual White 3rd moves.} d5 7. exd5 Bd6 8. Nc3 {[#] Black is slightly better.} Rf8 $146 (8... Re8+ $17 9. Be3 Nbd7) ({Predecessor:} 8... Re8+ 9. Be3 Kg8 10. Qd3 a6 11. h3 Kh8 12. a4 Bb4 13. O-O Nbd7 14. a5 Bxc3 15. Qxc3 {1-0 (47) Tarasenka,A-Shuqja,K (1513) Prague 2016}) 9. Be3 (9. O-O $11) 9... Kg8 $17 10. h3 a6 11. a4 Nbd7 ({Black should play} 11... Bf5 12. O-O Qe8) 12. a5 (12. Bb3 $17) 12... b5 13. axb6 Nxb6 14. Bb3 (14. Bd3 $142) 14... Qe8 15. O-O Qg6 {[#] And now ...Bxh3 would win.} 16. Kh1 Bb7 17. Qe2 Kh8 $40 {[%cal Rb6d5][%mdl 128] Black goes for the king.} 18. Ra5 Bb4 19. Rfa1 Bxa5 20. Rxa5 Rfd8 21. Qf3 Qh5 $2 (21... Rd7 $19 {aiming for ...Rad8.} 22. Bf4 Rf8) 22. g4 $2 {[%mdl 8192] This costs White the game.} (22. Qxh5 $17 Nxh5 {[#]} 23. d6 $1 {[%mdl 512]}) 22... Qg6 $19 23. Kh2 Rf8 {Hoping for ...Nfxd5.} 24. Qg3 Rac8 25. Rc5 Ne4 26. Nxe4 Qxe4 27. Rxc7 (27. c4 $142 Qd3 28. Rxc7 Rxc7 29. Qxc7 Nxd5 30. cxd5 Qxb3 {[%mdl 64] Double Attack} 31. Qe7) 27... Rxc7 {Black is clearly winning.} 28. Qxc7 Bxd5 29. Bxd5 Nxd5 30. Qd6 Qf3 31. Qg3 Nxe3 32. fxe3 Qe2+ {Accuracy: White = 18%, Black = 67%.} 0-1

[Event "Stay Safe Play From Home 204"]
[Site "T#646591Emanuel Laske"]
[Date "2020.06.05"]
[Round "5"]
[White "Edmatuag"]
[Black "Timbre"]
[Result "0-1"]
[WhiteElo "1748"]
[BlackElo "1735"]
[Annotator "NA RC"]
[PlyCount "70"]
[EventDate "2020.06.05"]
[EventType "swiss (blitz)"]

1. e4 {[%emt 0:00:05]} c6 {[%emt 0:00:02]} 2. c3 {[%emt 0:00:05]} d5 {[%emt 0:00:01]} 3. exd5 {[%emt 0:00:03]} cxd5 {[%emt 0:00:01]} 4. d4 {[%emt 0:00:00]} Nc6 {[%emt 0:00:02]} 5. Bd3 {[%emt 0:00:01]} Nf6 {[%emt 0:00:02]} 6. Bf4 {[%emt 0:00:04]} e6 {[%emt 0:00:03]} 7. Nf3 {[%emt 0:00:03]} Bd6 {[%emt 0:00:01]} 8. Bg3 {[%emt 0:00:03]} Bxg3 {[%emt 0:00:02]} 9. hxg3 {[%emt 0:00:02]} h6 {[%emt 0:00:01]} 10. Nbd2 {[%emt 0:00:02]} a6 {[%emt 0:00:03]} 11. Qb3 {[%emt 0:00:02]} Qe7 {[%emt 0:00:03]} 12. O-O-O {[%emt 0:00:04]} O-O {[%emt 0:00:10]} 13. Kb1 {[%emt 0:00:05]} Na5 {[%emt 0:00:02]} 14. Qb6 {[%emt 0:00:08]} Nc4 {[%emt 0:00:04]} 15. Bxc4 {[%emt 0:00:11]} dxc4 {[%emt 0:00:02]} 16. Nxc4 {[%emt 0:00:02]} Nd5 {[%emt 0:00:03]} 17. Qd6 {[%emt 0:00:06]} Qf6 {[%emt 0:00:08]} 18. Nce5 {[%emt 0:00:20]} b5 {[%emt 0:00:06]} 19. Ka1 {[%emt 0:00:04]} Bb7 {[%emt 0:00:05]} 20. g4 {[%emt 0:00:12]} Rad8 {[%emt 0:00:03]} 21. Qa3 {[%emt 0:00:02]} Nf4 {[%emt 0:00:08]} 22. g5 {[%emt 0:00:28]} hxg5 {[%emt 0:00:09]} 23. Rh2 {[%emt 0:00:04]} g6 {[%emt 0:00:07]} 24. Rdh1 {[%emt 0:00:05]} Nh5 {[%emt 0:00:06]} 25. Qb3 {[%emt 0:00:17]} Bd5 {[%emt 0:00:04]} 26. Qc2 {[%emt 0:00:09]} Kg7 {[%emt 0:00:05]} 27. g4 {[%emt 0:00:13]} Rh8 {[%emt 0:00:11]} 28. gxh5 {[%emt 0:00:03]} Bxf3 {[%emt 0:00:03]} 29. h6+ {[%emt 0:00:12]} Kh7 {[%emt 0:00:06]} 30. Rg1 {[%emt 0:00:06]} g4 {[%emt 0:00:16]} 31. Qd2 {[%emt 0:00:06]} b4 {[%emt 0:00:05]} 32. Qe3 {[%emt 0:00:06]} bxc3 {[%emt 0:00:02]} 33. bxc3 {[%emt 0:00:02]} Rb8 {[%emt 0:00:08]} 34. Rxg4 {[%emt 0:00:04]} Bxg4 {[%emt 0:00:03]} 35. Nxg4 {[%emt 0:00:00]} Qf5 {[%emt 0:00:05] Edmatuag resigns (Lag: Av=0.58s, max=1.0s)} 0-1